| 000 | 01621njm a2200337Ia 4500 | ||
|---|---|---|---|
| 001 | F0392 | ||
| 003 | IT-RoPAU | ||
| 005 | 20220918181113.0 | ||
| 008 | 131025s9999 xx 000 0 und d | ||
| 040 | _aIT-RoPAU | ||
| 040 | _cIT-RoPAU | ||
| 041 | _aINGLESE | ||
| 999 |
_c99199 _d99199 |
||
| 999 | _bn.d. | ||
| 100 |
_aMadonna (Ciccone) _919899 |
||
| 100 |
_eAutore musica _932112 |
||
| 100 |
_gCodice autore musica SPICS: 13281 _919901 |
||
| 245 | _aRay of Light | ||
| 250 | _a1a ed. | ||
| 260 | _aUSA | ||
| 260 |
_bWARNER BROS RECORDS _c1998 [1a Ed.:1998 - Ed. Lingua Orig.: 1998] |
||
| 300 | _aCOMPACT DISC | ||
| 300 | _c67 minuti (Testo: pag.) | ||
| 500 | _aMusica pop. | ||
| 505 | _aDrowned World/Substitute For Love (6:00) - Swim (5:00) - Ray of Light (6:00) - Candy Perfume Girl (5:00) - Skin (7:00) - Nothing Really Matters (5:00) - Sky Fits Heaven (5:00) - Shanti/Ashtangi (5:00) - Frozen (7:00) - The Power of Good Bye (5:00) - To Have and Not To Hold (6:00) - Little Star (6:00) - Mer Girl (6:00) | ||
| 650 |
_aPOP [COMPACT DISC] _eCodice MATERIA SPICS: 9949 _910570 |
||
| 700 |
_aMadonna (Ciccone) _gCodice interprete SPICS: 13281 _eInterprete _932113 |
||
| 700 |
_aOrbit William _gCodice autore SPICS: 50220 _eAutore _pDrowned World/Substitute For Love - Swim - Ray of Light - Candy Perfume Girl - Shanti/Ashtangi - Mer Girl _932114 |
||
| 700 |
_aLeonard Patrick _gCodice autore SPICS: 21695 _eAutore _pSkin - Nothing Really Matters - Sky Fits Heaven - Frozen _932115 |
||
| 700 |
_aNowels Rick _gCodice autore SPICS: 23752 _eAutore _pThe Power of Good Bye - To Have and Not To Hold - Little Star _932116 |
||
| 942 |
_cCD _2ddc |
||